Միլտօն : (Record no. 82807)
[ view plain ]
| 000 -LEADER | |
|---|---|
| fixed length control field | 00742nam a2200181 a 4500 |
| 001 - CONTROL NUMBER | |
| control field | 000234395 |
| 003 - CONTROL NUMBER IDENTIFIER | |
| control field | AM-YeHGA |
| 005 - DATE AND TIME OF LATEST TRANSACTION | |
| control field | 20250618071602.0 |
| 008 - FIXED-LENGTH DATA ELEMENTS--GENERAL INFORMATION | |
| fixed length control field | 030613s1900 ai 000 | arm d |
| 040 ## - CATALOGING SOURCE | |
| Original cataloging agency | AM-YeHGA |
| 090 ## - LOCALLY ASSIGNED LC-TYPE CALL NUMBER (OCLC); LOCAL CALL NUMBER (RLIN) | |
| -- | 84080 |
| 100 1# - MAIN ENTRY--PERSONAL NAME | |
| Personal name | Առաքելյան, Համբարձում Աստվածատուրի, |
| Dates associated with a name | 1855-1918 |
| 9 (RLIN) | 873 |
| 245 10 - TITLE STATEMENT | |
| Title | Միլտօն : |
| Remainder of title | Նրա կեանքը եւ գրական գործունէութիւնը / |
| Statement of responsibility, etc. | Կազմ.՝ Հ. Առաքելեան. |
| 260 ## - PUBLICATION, DISTRIBUTION, ETC. | |
| Place of publication, distribution, etc. | Թիֆլիս : |
| Name of publisher, distributor, etc. | տպ. Տ.Մ. Ռօտինեանցի, |
| Date of publication, distribution, etc. | 1900. |
| 300 ## - PHYSICAL DESCRIPTION | |
| Extent | 135 էջ ; |
| Dimensions | 18 սմ. |
| 440 #0 - SERIES STATEMENT/ADDED ENTRY--TITLE | |
| Title | Թիֆլիսի հայոց հրատարակչական ընկերություն |
| Volume/sequential designation | 186 |
| 504 ## - BIBLIOGRAPHY, ETC. NOTE | |
| Bibliography, etc. note | Մատենագիտ.՝ հայ. և օտար լեզ. |
| Withdrawn status | Lost status | Damaged status | Not for loan | Collection | Home library | Current library | Date acquired | Total checkouts | Full call number | Barcode | Date last seen | Price effective from | Koha item type | Public note |
|---|---|---|---|---|---|---|---|---|---|---|---|---|---|---|
| General | Fundamental Scientific Library | Fundamental Scientific Library | 22/12/2016 | AII/21073 | FL0006537 | 22/12/2016 | 22/12/2016 | Գրքեր / Books | 30 Days Loan | |||||
| General | Fundamental Scientific Library | Fundamental Scientific Library | 22/12/2016 | AII/21074 | FL0006538 | 22/12/2016 | 22/12/2016 | Գրքեր / Books | 30 Days Loan |
ՀՀ Գիտությունների ազգային ակադեմիայի հիմնարար գիտական գրադարան = Fundamental Scientific Library of NAS RA
All site content, except where otherwise noted, is licensed under a